Historia de Japón (Registro nro. 307678)

Detalles MARC
000 -ENCABEZADO
Número de control [NR] 01093cam a2200325Mi 4500
001 - NÚMERO DE CONTROL
control field ocn863715694
003 - IDENTIFICADOR DE CONTROL NÚMERO
control field Co-BoUCM
005 - FECHA Y HORA DE LA ÚLTIMA TRANSACCIÓN
control field 20171108145058.0
006 - DE LONGITUD FIJA DE DATOS ELEMENTOS - CARACTERÍSTICAS ADICIONALES DEL MATERIAL - INFORMACIÓN GENERAL
fixed length control field m o d
007 - CAMPO DESCRIPCIÓN FÍSICA FIJA - INFORMACIÓN GENERAL
fixed length control field cr cn|||||||||
008 - DE LONGITUD FIJA DE DATOS DE ELEMENTOS - INFORMACIÓN GENERAL
Elementos de longitud fija [NR] 171108s2013 sp rb 001 0 spa d
020 ## - NUMERO INTERNACIONAL NORMALIZADO PARA LIBROS [R]
Número Internacional Normalizado del libro [NR] 9788490299159
020 ## - NUMERO INTERNACIONAL NORMALIZADO PARA LIBROS [R]
ISBN Cancelado/ Invalidado [R] 8490299153
020 ## - NUMERO INTERNACIONAL NORMALIZADO PARA LIBROS [R]
ISBN Cancelado/ Invalidado [R] 9788490290293
035 ## - NUMERO DE CONTROL DEL SISTEMA [R]
Número de control del sistema [NR] (OCoLC)863715694
040 ## - FUENTE DE CATALOGACION [NR]
Agencia de catalogación original [NR] Co-BoUCM
Idioma de catalogación [NR] spa
Quien Cataloga Saul Niño
Quien Clasifica Saul Niño
041 0# - CODIGO DE IDIOMA [R]
Código de idioma para texto/pista de sonido o título separado [R] Español
245 00 - MENCION DE TITULO [NR]
Título [NR] Historia de Japón
Parte restante del título [NR] economía, política y sociedad
Mención de responsabilidad, etc. [NR] Oriol Junqueras i Vies ... [y otros.] ; prólogo de Carles Prado-Fonts
260 ## - PUBLICACION, DISTRIBUCION, ETC. (PIE DE IMPRENTA) [R]
Lugar de publicación, distribución, etc. [R] Barcelona
Nombre del editor, distribuidor, etc. [R] Editorial UOC
Fecha de publicación, distribución, etc. [R] 2012
300 ## - DESCRIPCION FISICA [R]
Extensión [R] 341 páginas
650 17 - ASIENTO SECUNDARIO DE MATERIA - TERMINO TEMATICO [R]
9 (RLIN) 26507
Término temático o nombre geográfico como elemento de entrada [NR] Historia de Asia
651 #0 - ASIENTO SECUNDARIO DE MATERIA - NOMBRE GEOGRAFICO [R]
Nombre geográfico [NR] Japón
Subdivisión general [R] Historia
9 (RLIN) 45585
651 #0 - ASIENTO SECUNDARIO DE MATERIA - NOMBRE GEOGRAFICO [R]
Nombre geográfico [NR] Japón
Subdivisión general [R] Condiciones económicos
9 (RLIN) 88673
651 #0 - ASIENTO SECUNDARIO DE MATERIA - NOMBRE GEOGRAFICO [R]
Nombre geográfico [NR] Japón
Subdivisión general [R] Condiciones Políticas
9 (RLIN) 88674
651 #0 - ASIENTO SECUNDARIO DE MATERIA - NOMBRE GEOGRAFICO [R]
Nombre geográfico [NR] Japón
Subdivisión general [R] Condiciones sociales
9 (RLIN) 79770
700 1# - ASIENTO SECUNDARIO - NOMBRE PERSONAL [R]
Nombre personal [NR] Junqueras i Vies, Oriol
9 (RLIN) 88675
700 1# - ASIENTO SECUNDARIO - NOMBRE PERSONAL [R]
Nombre personal [NR] Prado-Fonts, Carles
Término de relación [R] prólogo
9 (RLIN) 88676
942 ## - ELEMENTOS DE ENTRADA AGREGADOS (KOHA)
Sistema de clasificación DEWEY
Tema principal Historia
Tipo de ítem principal el descrito en 300a Libro de reserva
Edición 1
Clasificación 952
Parte restante de la signatura top. H673j
Existencias
Fecha de último préstamo Total préstamos Total Renewals Signatura topográfica Código de barras Última vez visto Ejemplar Costo de reposición Price effective from Tipo de ítem Perdido Sistema de clasificación Dañado No prestable Tipo de ítem específico Suprimido Ubicación habitual Ubicación actual Localización Fecha de creación Proveedor Forma de adquisición Costo
17/06/2019 2 10 952 H673j 100155065 10/12/2025 Ej.2 102589.00 03/11/2017 Libro   DEWEY     Libro   Claustro Claustro 2do piso 03/11/2017 15 Compra 102589.00
02/10/2021 1   952 H673j 100155064 10/12/2025 Ej.1 102589.00 03/11/2017 Libro   DEWEY     Libro   Claustro Claustro 2do piso 03/11/2017 15 Compra 102589.00